000 00741cab a2200253 4500
001 ABS55165
008 090401t1996 xxu||||| |||| 00| 0 eng d
035 _a(Sirsi) u14607
041 _aeng
100 _aMilne, R.
245 _aMore whimper than bang
260 _c1996
350 _a0
490 _aUtility Week
_v5(18) 10 May 1996, 13-15(3)
520 _aReports on liberalisation of the gas market and its effects in south-west England. Provides company information on gas suppliers.
650 _aCOMPETITION
650 _aDEREGULATION
650 _aGAS MARKET
650 _aGAS SUPPLIERS
650 _aMARKET LIBERALISATION
690 _aENVIRONMENTAL AND LAND CONSULTANCY-ENERGY
942 _n0
948 _c04/03/1997
999 _c9532
_d9532